• 首页
  • 本馆介绍
  • 公告通知
  • 最新文献
  • 馆藏检索
  • 电子资源
  • 读者导购
  • 参考咨询
  • 我的图书馆
  • 登录
  • 详细信息显示
  • 放入我的书架
  • 预约/预借图书
  • 作者相关作品
  • 分类相关作品
  • 丛书相关作品
  • 出版社相关作品

书目信息

  • 表格格式
  • 工作单格式
  • 卡片格式
题名:
史记选注集说
    
 
作者: 韩兆琦 著
分册:  
出版信息: 南昌   江西人民出版社  1982.11
页数: 490页
开本: 20cm
丛书名:
单 册:
中图分类: K204.2
科图分类:
主题词: 中国--古代史--纪传体
电子资源:
ISBN:
000 00520nam0 2200193 45
001 0312221749
005 20060815171003.90
010    @dCNY1.56
091    @a10110.208
100    @a20031222d1982 km y0chiy0120 ea
101    @achi
200 1  @a史记选注集说@AShi Ji Xuan Zhu Ji Shuo@f韩兆琦著@FHan Zhao Qi Zhu
210    @a南昌@c江西人民出版社@d1982.11
215    @a490页@d20cm
606 0  @a中国@x古代史@x纪传体
690    @aK204.2@v3
701 0  @a韩兆琦@4著
801    @aCN@bTSTCL@c20060815
905    @dK204.2@e10@b86994@f1
    
    史记选注集说/韩兆琦著.-南昌:江西人民出版社,1982.11
    490页;20cm
    
    
    ISBN :CNY1.56
    
●
相关链接 在E读中查询图书 在五车中查询图书 在当当中查询图书 在豆瓣中查询图书


正题名:史记选注集说     索取号:K204.2/10         预约/预借

序号 登录号 条形码 馆藏地/架位号 状态 备注
1 0086994   001987648   第二借阅区/ [索取号:K204.2/10] 在馆    
2 0086995   001694697   第二借阅区/ [索取号:K204.2/10] 在馆    
3 0086996   202380707   密集书库/ [索取号:K204.2/10] 在馆    
4 0086997   000429487   第二借阅区/ [索取号:K204.2/10] 在馆    
5 0086998   202118234   第二样本阅览室/ [索取号:K204.2/10] 在馆    
6 0462673   204626734   密集书库/ [索取号:K204.2/10] 在馆    
7 0462938   204629385   密集书库/ [索取号:K204.2/10] 在馆    
唐山师范学院图书馆 欢迎您!
大连网信软件有限公司© 版权所有